000
00241nam a2200097Ia 4500
008
190216s9999||||xx |||||||||||||| ||und||
100
_a
Balaraman
245
0
_a
Vidyarthi Hindi Rechana
260
_b
Calicut University Publications
942
_c
BK
999
_c
26785
_d
26785